| 000 | 00949nam a2200349 a 4500 | ||
|---|---|---|---|
| 003 | AR-BaBNM | ||
| 005 | 20251128205132.0 | ||
| 008 | 082120s2002 ||||||||||||||000 | spa|| | ||
| 020 | _a950-40-0115-7 | ||
| 040 | _cAR-BaBNM | ||
| 100 | 1 | _aBajtin, Mijail | |
| 245 | 0 | 0 |
_aLa cultura popular en la Edad Media y en el Renacimiento _bel contexto de Francois Rabelais |
| 250 | _a1ª ed. | ||
| 260 |
_aBuenos Aires _bAlianza Editorial _c1994 |
||
| 300 | _a431 p. | ||
| 490 | 0 | _aAlianza Estudio | |
| 600 | 1 | 4 | _aRabelais, Francois |
| 650 | 4 | _aLITERATURA | |
| 650 | 4 | _aHISTORIA | |
| 650 | 4 | _aMEDIO CULTURAL | |
| 650 | 4 | _aHISTORIA CULTURAL | |
| 650 | 4 | _aHISTORIA SOCIAL | |
| 650 | 4 | _aCULTURAS POPULARES | |
| 650 | 4 | _aHISTORIA EUROPEA | |
| 650 | 4 | _aHISTORIA MEDIEVAL | |
| 650 | 4 | _aRENACIMIENTO | |
| 651 | 4 | _aFrancia | |
| 700 | 1 |
_aForcat, Julio _etraductor |
|
| 700 | 1 |
_aConroy, César _etraductor |
|
| 942 | _cBK | ||
| 998 | _cEnrique | ||
| 999 |
_c10132 _d10132 |
||